000 01125nam a22002777a 4500
003 0
005 20251117133436.0
008 251117b xxu||||| |||| 00| 0 eng d
020 _a1-59307-306-2
050 _aPN 6790.J63
_bR56 2000
100 _aSuzuki, Koji,
_eauthor.
245 _aThe Ring 0 :
_bbirthday /
_cKoji Suzuki ; script by Hiroshi Takahashi ; art by Meimu ; translation by Naomi Kokubo & Steven Hoffman ; lettering by Wilbert Lacuna.
260 _aMilwaukie, OR :
_bDark Horse Manga,
_c2000.
300 _a157 pages :
_billustrations ;
_c19 cm.
500 _aEnglish translation of the Japanese manga.
520 _aFinal installment in the Ring manga adaptation, depicting the terrifying events surrounding cursed videotapes and supernatural phenomena.
650 _aHorror fiction.
650 _aManga.
650 _aJapanese literature $v Comic books, strips, etc.
700 _aTakahashi, Hiroshi,
_escript.
700 _aMeimu,
_eillustrator.
700 _aKokubo, Naomi,
_etranslator.
700 _aHoffman, Steven,
_etranslator.
700 _aLacuna, Wilbert,
_eletterer.
942 _2lcc
_cBK
999 _c368670
_d368670